La filmographie de Quentin Dupieux - Statistiques

Statistiques générales
  • Ce quiz a été pris 53 fois
    9 depuis la dernière actualisation
  • Le résultat moyen est 12 sur 14
Statistiques - réponses
Hint Réponse % Correct
2024 Daaaaaali
100%
2014 Réalité
100%
2023 Yannick
100%
2019 Le Daim
88%
2024 Le deuxième acte
88%
2020 Mandibules
88%
2010 Rubber
88%
2018 Au poste !
75%
2022 Fumer fait tousser
75%
2001 Nonfilm
75%
2007 Steak
75%
2012 Wrong
75%
2022 Incroyable mais vrai
63%
2013 Wrong cops
63%
Aucun quiz correspondant
Distribution des résultats
% des personnes avec chaque résultat
Percentile par nombre de réponses
Votre historique - résultats
Vous n’avez pas pris ce quiz depuis la dernière actualisation